000 01471cam a22003855i 4500
999 _c28465
_d28436
001 12804630
003 EG-ScBUE
005 20200805111222.0
008 020606s2002 enk f b 001 0 eng d
020 _a9780415280204
040 _aDLC
_beng
_erda
_cDLC
_dDLC
_dEG-ScBUE
043 _ab------
082 0 4 _a820.99171241
_bASH
_222
100 1 _aAshcroft, Bill,
_d1946-
_eauthor.
245 1 4 _aThe empire writes back :
_btheory and practice in post-colonial literatures /
_cBill Ashcroft, Gareth Griffiths, Helen Tiffin.
250 _aSecond edition.
264 1 _aAbingdon, Oxon ;
_aNew York, NY :
_bRoutledge / Taylor and Francis Group,
_c2002.
300 _ax, 283 pages ;
_c21 cm.
336 _atext
_btxt
_2rdacontent
337 _aunmediated
_bn
_2rdamedia
338 _avolume
_bnc
_2rdacarrier
490 0 _aNew accents
504 _aIncludes bibliographical references and index.
650 7 _aCommonwealth literature (English)
_xHistory and criticism.
_2BUEsh
650 7 _aEnglish literature
_y20th century
_xHistory and criticism.
_2BUEsh
650 7 _aPostcolonialism
_zEnglish-speaking countries.
_2BUEsh
650 7 _aPostcolonialism
_zCommonwealth countries.
_2BUEsh
650 7 _aPostcolonialism in literature.
_2BUEsh
650 7 _aColonies in literature.
_2BUEsh
653 _bHHUUEENN
_cJuly2020
655 _vReading book
_934232
700 1 _aGriffiths, Gareth,
_d1943-
_eauthor.
700 1 _aTiffin, Helen,
_eauthor.
_925922
942 _2ddc
_cBB